|
|
|
|
| LEADER |
00000nam0a2200000 4500 |
| 001 |
375929 |
| 005 |
20231102012758.0 |
| 020 |
|
|
|a RU
|b 86-70089
|
| 035 |
|
|
|a (RuTPU)RU\TPU\retro\33368
|
| 035 |
|
|
|a RU\TPU\book\304096
|
| 090 |
|
|
|a 375929
|
| 100 |
|
|
|a 20221221d1986 k y0rusy5003 ca
|
| 101 |
0 |
|
|a rus
|
| 102 |
|
|
|a RU
|
| 105 |
|
|
|a a z 001zy
|
| 200 |
1 |
|
|a Информационные системы в управлении
|f Б. Д. Антонюк
|
| 210 |
|
|
|a Москва
|c Радио и связь
|d 1986
|
| 215 |
|
|
|a 240 с.
|c ил.
|
| 320 |
|
|
|a Библиогр.: с. 237-239 (69 назв.)
|
| 606 |
1 |
|
|a Вычислительные системы с разделением времени
|x Проектирование
|2 stltpush
|3 (RuTPU)RU\TPU\subj\4428
|9 32702
|
| 610 |
1 |
|
|a вычислительные сети
|
| 610 |
1 |
|
|a экспертные системы
|
| 610 |
1 |
|
|a принятие решений
|
| 610 |
1 |
|
|a автоматизированные системы
|
| 610 |
1 |
|
|a управление
|
| 610 |
1 |
|
|a проектирование
|
| 675 |
|
|
|a 681.324.01
|z rus
|v 3
|
| 700 |
|
1 |
|a Антонюк
|b Б. Д.
|g Борис Дмитриевич
|
| 801 |
|
0 |
|a RU
|b RuMRKP
|c 19950704
|g psbo
|
| 801 |
|
1 |
|a RU
|b 63413507
|c 20150113
|
| 801 |
|
2 |
|a RU
|b 63413507
|c 20221221
|g RCR
|
| 942 |
|
|
|c BK
|